000 00339nam a22001577a 4500
005 20160620124857.0
008 160620b xxu||||| |||| 00| 0 eng d
020 _a0-19-567348-4
041 _aeng
082 _b8513
245 _aStudent Learness
260 _boxford
_c2009
300 _a734
650 _aManagement
_9241
942 _cBK
999 _c3268
_d3267